| 000 | 00456nam a2200133 a 4500 | ||
|---|---|---|---|
| 008 | 120416s1969 ||||||||||||||||| || u | ||
| 050 | _aPT 8175.H365G69 | ||
| 100 | _aHein, Piet | ||
| 245 | 1 | 0 | _aGrooks |
| 260 |
_aLondon _bHodder and Stoughton _c1969 |
||
| 300 | _a[vii], 53p. : ill. | ||
| 350 | _a0.00 | ||
| 995 |
_D0.00 _FCBU-MAIN LIBRARY (Kitwe) _H1 _I0.30 _M1 _UAVAILABLE _ZMain Library Open Access Collection |
||
| 999 |
_c44958 _d44958 |
||